| 000 | 00983cab a2200385 4500 | ||
|---|---|---|---|
| 001 | ABS59017 | ||
| 008 | 090401t1998 xxu||||| |||| 00| 0 eng d | ||
| 035 | _a(Sirsi) u87703 | ||
| 041 | _aeng | ||
| 245 | _aFocus `98: Staffordshire and Shropshire | ||
| 260 | _c1998 | ||
| 350 | _a0 | ||
| 490 |
_aEstates Gazette _v(9829) 18 July 1998, 67-95(13) |
||
| 650 | _aBREWING INDUSTRY | ||
| 650 | _aBURTON UPON TRENT | ||
| 650 | _aCANNOCK | ||
| 650 | _aDISTRIBUTION SECTOR | ||
| 650 | _aHANLEY | ||
| 650 | _aINDUSTRIAL SECTOR | ||
| 650 | _aLEISURE SECTOR | ||
| 650 | _aLICHFIELD | ||
| 650 | _aNEWCASTLE-UNDER-LYME | ||
| 650 | _aOFFICE SECTOR | ||
| 650 | _aRETAIL SECTOR | ||
| 650 | _aSHREWSBURY | ||
| 650 | _aSHROPSHIRE | ||
| 650 | _aSTAFFORD | ||
| 650 | _aSTAFFORDSHIRE | ||
| 650 | _aSTOKE-ON-TRENT | ||
| 650 | _aTAMWORTH | ||
| 650 | _aTELFORD | ||
| 690 | _aPROPERTY-COMMERCIAL PROPERTY-COMMERCIAL PROPERTY MARKET | ||
| 942 | _n0 | ||
| 948 | _c29/07/1998 | ||
| 999 |
_c55335 _d55335 |
||